Visual marketing

Chia sẻ những kiến thức và công cụ cơ bản giúp bạn xây dựng văn hoá video để thu hút nhiều khách hàng tiềm năng, chiếm được lòng tin của họ và đem lại trải nghiệm đặc biệt cho khách hàng, doanh nghiệp và người tiêu dùng...

Mô tả đầy đủ

Đã lưu trong:
Chi tiết về thư mục
Tác giả chính: Sheridan, Marcus
Tác giả khác: Lessard, Tyler, Phạm Trúc Quỳnh (Dịch)
Định dạng: Sách
Ngôn ngữ:Vietnamese
Được phát hành: H. Công Thương 2024
Những chủ đề:
Các nhãn: Thêm thẻ
Không có thẻ, Là người đầu tiên thẻ bản ghi này!
Thư viện lưu trữ: Thư viện Trường Đại học Nam Cần Thơ
LEADER 01152nam a22002177a 4500
001 NCT_4_022572
008 250625b xxu||||| |||| 00| 0 vie d
999 |c 9103  |d 9103 
020 |a 9786044815916  |c 195000 
082 0 4 |2 23rd ed.  |a 658.872  |b S552 
100 1 |a Sheridan, Marcus 
245 1 0 |a Visual marketing  |c Marcus Sheridan, Tyler Lessard ; Phạm Trúc Quỳnh (dịch) 
260 |a H.  |b Công Thương  |c 2024 
300 |a 383 tr.  |b Minh họa  |c 21 cm 
520 3 |a Chia sẻ những kiến thức và công cụ cơ bản giúp bạn xây dựng văn hoá video để thu hút nhiều khách hàng tiềm năng, chiếm được lòng tin của họ và đem lại trải nghiệm đặc biệt cho khách hàng, doanh nghiệp và người tiêu dùng 
653 |a Quản trị kinh doanh 
700 1 |a Lessard, Tyler  
700 1 |a Phạm Trúc Quỳnh  |e Dịch 
942 |2 ddc  |c BK 
952 |0 0  |1 0  |2 ddc  |4 0  |6 658_872000000000000_S552  |7 0  |9 30938  |a 000001  |b 000001  |d 2025-06-25  |o 658.872 S552  |p MD.24026  |r 2025-06-25  |v 195000.00  |w 2025-06-25  |y BK 
980 |a Thư viện Trường Đại học Nam Cần Thơ